Представление документа в формате MARC21

Поле Инд. ПП Название Значение
Тип записи a
Библиографический уровень m
001 Контрольный номер 9b29f265-9591-46ed-afc1-6361e11ccd1b
005 Дата корректировки 20140226232809.9
008 Кодируемые данные 011126
020 a ISBN 5-9221-0057-2
c Цена, тираж 82.00
a ISBN 5-9221-0053-X
040 a Служба первич. каталог. НБ ТвГУ
041 a Код языка текста rus
080 a Индекс УДК 530.1(075.8)
084 a Индекс другой классификации/Индекс ББК В31я731-1
090 x Авторский знак Л22
a Полочн. индекс В31
100 1_ a Автор Ландау Лев Давидович
245 10 a Заглавие Теоретическая физика
n Номер части/ раздела Т. 3
p Название части/ раздела Квантовая механика (нерелятивистская теория)
b Продолж. заглавия Учеб. пособие для студентов физ. спец. ун-тов : В 10 т.
c Ответственность Л. Д. Ландау и Е. М. Лифшиц; Под ред. Л. П. Питаевского
250 a Основные сведения об издании 5-е изд., стер.
260 0_ a Место издания Москва
b Издательство Физматлит
c Дата издания 2001
300 a Объем 803 с.
b Иллюстрации/ тип воспроизводства ил.
440 a Серия Теорет. физика
490 _0 v N тома Т. 3
504 a Библиография Предм. указ.: с.801-803.
583 a Действие Получение впервые 653 26.11.2001
k Исполнитель действия Дар РГГУ
650 a Основная рубрика Физика теоретическая
x Основная подрубрика Учебники для вузов
650 a Основная рубрика Квантовая механика
653 a Ключевые слова Теоретическая физика
a Ключевые слова Квантовая механика
700 1_ a Другие авторы Лифшиц Евгений Михайлович
e Роль лиц авт.
700 1_ a Другие авторы Питаевский Л. П.
e Роль лиц отв. ред.
852 t Порядковый номер экземпляра 2
p Инвентарный номер 738865
p Инвентарный номер 738866
888 a Бесплатные
930 a Новая/Ретро учебники
952 p 653.2001 82.00 1 738865
p 653.2001 82.00 1 738866
c Вид литературы К ру
954 a Дата поступления на обработку 20011229
999 a Подразделение 2 Фил3